一重内陸市町村 - Statistics

General Stats
  • This quiz has been taken 48 times
    47 since last reset
  • The average score is 173 of 470
Answer Stats
都道府県 市区町村名 % Correct
北海道 札幌市
69%
中川郡(天塩) 中川町
57%
千歳市
57%
町田市
57%
雨竜郡 雨竜町
54%
中川郡(天塩) 音威子府村
54%
一関市
54%
千代田区
54%
海老名市
54%
御殿場市
54%
岡崎市
54%
石狩郡 当別町
51%
雨竜郡 北竜町
51%
虻田郡 留寿都村
51%
三戸郡 | 南巨摩郡 | 西伯郡 南部町
51%
盛岡市
51%
東京都 葛飾区
51%
世田谷区
51%
厚木市
51%
岐阜県 海津市
51%
三重県 いなべ市
51%
員弁郡 東員町
51%
樺戸郡 新十津川町
49%
紋別郡 西興部村
49%
上川郡(石狩) 上川町
49%
標津郡 中標津町
49%
帯広市
49%
夕張市
49%
寿都郡 黒松内町
49%
弘前市
49%
上北郡 六戸町
49%
九戸郡 九戸村
49%
宮城県 登米市
49%
千葉県 香取市
49%
八街市
49%
四街道市
49%
松戸市
49%
新宿区
49%
渋谷区
49%
目黒区
49%
神奈川県 大和市
49%
綾瀬市
49%
駿東郡 清水町
49%
富士宮市
49%
南巨摩郡 身延町
49%
静岡県 榛原郡 川根本町
49%
島田市
49%
周智郡 森町
49%
新城市
49%
額田郡 幸田町
49%
刈谷市
49%
日進市
49%
長久手市
49%
春日井市
49%
北名古屋市
49%
清須市
49%
海部郡 蟹江町
49%
愛西市
49%
三重郡 朝日町
49%
度会郡 度会町
49%
奈良県 吉野郡 十津川村
49%
八尾市
49%
東大阪市
49%
滋賀県 高島市
49%
三好市
49%
中川郡(十勝) | 今立郡 池田町
46%
虻田郡 倶知安町
46%
十和田市
46%
上北郡 七戸町
46%
三戸郡 五戸町
46%
遠野市
46%
気仙郡 住田町
46%
大崎市
46%
高座郡 寒川町
46%
秦野市
46%
南足柄市
46%
足柄下郡 箱根町
46%
長泉町
46%
裾野市
46%
愛知県 北設楽郡 豊根村
46%
尾張旭市
46%
瀬戸市
46%
あま市
46%
海部郡 大治町
46%
三重郡 菰野町
46%
滋賀県 甲賀市
46%
三重県 亀山市
46%
伊賀市
46%
吉野郡 下北山村
46%
和歌山県 東牟婁郡 北山村
46%
和歌山県 日高郡 日高川町
46%
有田郡 有田川町
46%
松原市
46%
大東市
46%
門真市
46%
摂津市
46%
吹田市
46%
豊中市
46%
和気郡 和気町
46%
三次市
46%
朝来市
46%
長浜市
46%
大野市
46%
枝幸郡 中頓別町
43%
名寄市
43%
網走郡 大空町
43%
川上郡 弟子屈町
43%
足寄郡 足寄町
43%
勇払郡 占冠村
43%
花巻市
43%
遠田郡 涌谷町
43%
柴田郡 柴田町
43%
田村市
43%
茨城県 常陸太田市
43%
水戸市
43%
台東区
43%
伊勢原市
43%
足柄上郡 中井町
43%
足柄上郡 大井町
43%
静岡県 田方郡 函南町
43%
伊豆の国市
43%
飯田市
43%
藤枝市
43%
菊川市
43%
北設楽郡 東栄町
43%
安城市
43%
豊明市
43%
西春日井郡 豊山町
43%
宇陀郡 御杖村
43%
三重県 多気郡 大台町
43%
奈良県 吉野郡 上北山村
43%
和歌山県 東牟婁郡 古座川町
43%
奈良県 吉野郡 野迫川村
43%
岩出市
43%
河内長野市
43%
羽曳野市
43%
守口市
43%
兵庫県 伊丹市
43%
宝塚市
43%
三田市
43%
佐用郡 佐用町
43%
府中市
43%
世羅郡 世羅町
43%
安芸高田市
43%
安芸郡 府中町
43%
山県郡 北広島町
43%
山県郡 安芸太田町
43%
雲南市
43%
津山市
43%
兵庫県 養父市
43%
京都府 福知山市
43%
与謝郡 与謝野町
43%
綾部市
43%
南丹市
43%
石川県 能美郡 川北町
43%
岐阜県 高山市
43%
富山県 南砺市
43%
富山県 小矢部市
43%
石川県 河北郡 津幡町
43%
富山県 砺波市
43%
岐阜県 飛騨市
43%
長野県 北安曇郡 白馬村
43%
北安曇郡 小谷村
43%
新潟県 妙高市
43%
長野県 飯山市
43%
魚沼市
43%
三条市
43%
燕市
43%
東田川郡 庄内町
43%
紋別郡 遠軽町
40%
川上郡 標茶町
40%
虻田郡 ニセコ町
40%
余市郡 赤井川村
40%
北津軽郡 鶴田町
40%
北津軽郡 板柳町
40%
黒石市
40%
角田市
40%
福島県 伊達市
40%
潮来市
40%
鎌ケ谷市
40%
墨田区
40%
狛江市
40%
稲城市
40%
多摩市
40%
足柄上郡 開成町
40%
南アルプス市
40%
長野県 下伊那郡 天龍村
40%
大府市
40%
愛知郡 東郷町
40%
名張市
40%
吉野郡 東吉野村
40%
吉野郡 川上村
40%
多気郡 多気町
40%
度会郡 玉城町
40%
紀の川市
40%
大阪府 泉南郡 熊取町
40%
大阪府 和泉市
40%
三木市
40%
加古郡 稲美町
40%
小野市
40%
加西市
40%
加賀郡 吉備中央町
40%
都窪郡 早島町
40%
井原市
40%
広島県 神石郡 神石高原町
40%
安芸郡 熊野町
40%
山口県 美祢市
40%
倉吉市
40%
八頭郡 八頭町
40%
越前市
40%
鯖江市
40%
吉田郡 永平寺町
40%
大野郡 白川村
40%
石川県 野々市市
40%
富山県 中新川郡 立山町
40%
中新川郡 舟橋村
40%
阿賀野市
40%
板野郡 板野町
40%
東温市
40%
愛媛県 北宇和郡 鬼北町
40%
雨竜郡 沼田町
37%
上川郡(天塩) 下川町
37%
常呂郡 佐呂間町
37%
斜里郡 清里町
37%
平川市
37%
岩手県 九戸郡 軽米町
37%
岩手郡 葛巻町
37%
美里町
37%
富谷市
37%
東茨城郡 茨城町
37%
行方市
37%
東金市
37%
調布市
37%
三島市
37%
南巨摩郡 早川町
37%
下伊那郡 大鹿村
37%
知多郡 阿久比町
37%
奈良県 宇陀郡 曽爾村
37%
海草郡 紀美野町
37%
大阪狭山市
37%
富田林市
37%
宍粟市
37%
揖保郡 太子町
37%
赤穂郡 上郡町
37%
赤磐市
37%
総社市
37%
鳥取県 八頭郡 智頭町
37%
八頭郡 若桜町
37%
岐阜県 揖斐郡 揖斐川町
37%
勝山市
37%
中新川郡 上市町
37%
下水内郡 栄村
37%
刈羽郡 刈羽村
37%
東蒲原郡 阿賀町
37%
山形県 西置賜郡 小国町
37%
大仙市
37%
仙北市
37%
北秋田市
37%
徳島県 那賀郡 那賀町
37%
勝浦郡 勝浦町
37%
香川県 木田郡 三木町
37%
仲多度郡 まんのう町
37%
愛媛県 上浮穴郡 久万高原町
37%
深川市
34%
中川郡(天塩) 美深町
34%
中川郡(十勝) 本別町
34%
沙流郡 平取町
34%
有珠郡 壮瞥町
34%
瀬棚郡 今金町
34%
亀田郡 七飯町
34%
余市郡 仁木町
34%
南津軽郡 藤崎町
34%
山形市
34%
宮城県 柴田郡 川崎町
34%
伊具郡 丸森町
34%
相馬郡 飯舘村
34%
双葉郡 川内村
34%
夷隅郡 大多喜町
34%
長生郡 長柄町
34%
佐倉市
34%
長野県 伊那市
34%
和歌山県 伊都郡 かつらぎ町
34%
岡山県 美作市
34%
久米郡 久米南町
34%
浅口郡 里庄町
34%
鹿足郡 津和野町
34%
島根県 邑智郡 邑南町
34%
安来市
34%
西伯郡 伯耆町
34%
岡山県 苫田郡 鏡野町
34%
鹿島郡 中能登町
34%
西蒲原郡 弥彦村
34%
加茂市
34%
秋田県 湯沢市
34%
名東郡 佐那河内村
34%
板野郡 藍住町
34%
綾歌郡 綾川町
34%
善通寺市
34%
徳島県 三好郡 東みよし町
34%
高知県 長岡郡 大豊町
34%
土佐郡 土佐町
34%
伊予郡 砥部町
34%
安芸郡 馬路村
34%
安芸郡 北川村
34%
直方市
34%
上益城郡 益城町
34%
雨竜郡 幌加内町
31%
紋別郡 滝上町
31%
常呂郡 訓子府町
31%
網走郡 美幌町
31%
中川郡(十勝) 幕別町
31%
河西郡 中札内村
31%
勇払郡 安平町
31%
虻田郡 真狩村
31%
檜山郡 厚沢部町
31%
青森県 中津軽郡 西目屋村
31%
上北郡 東北町
31%
黒川郡 大郷町
31%
加美郡 色麻町
31%
東根市
31%
二本松市
31%
小美玉市
31%
香取郡 東庄町
31%
香取郡 多古町
31%
茂原市
31%
八千代市
31%
西牟婁郡 上富田町
31%
神崎郡 市川町
31%
神崎郡 神河町
31%
島根県 鹿足郡 吉賀町
31%
邑智郡 川本町
31%
飯石郡 飯南町
31%
新潟県 十日町市
31%
小千谷市
31%
見附市
31%
南蒲原郡 田上町
31%
五泉市
31%
新潟県 岩船郡 関川村
31%
山形県 西村山郡 西川町
31%
東田川郡 三川町
31%
最上郡 戸沢村
31%
最上郡 真室川町
31%
雄勝郡 羽後町
31%
横手市
31%
南秋田郡 大潟村
31%
南秋田郡 八郎潟町
31%
名西郡 石井町
31%
板野郡 北島町
31%
仲多度郡 琴平町
31%
土佐郡 大川村
31%
喜多郡 内子町
31%
北宇和郡 松野町
31%
香美市
31%
糟屋郡 粕屋町
31%
糟屋郡 志免町
31%
春日市
31%
武雄市
31%
佐賀県 嬉野市
31%
八女市
31%
阿寒郡 鶴居村
29%
夕張郡 由仁町
29%
黒川郡 大和町
29%
山形県 尾花沢市
29%
柴田郡 村田町
29%
双葉郡 葛尾村
29%
東白川郡 鮫川村
29%
那珂市
29%
山武郡 芝山町
29%
長生郡 睦沢町
29%
長生郡 長南町
29%
神崎郡 福崎町
29%
小田郡 矢掛町
29%
東臼杵郡 | 邑智郡 美郷町
29%
日野郡 江府町
29%
東伯郡 三朝町
29%
長野県 大町市
29%
最上郡 鮭川村
29%
南秋田郡 井川町
29%
山本郡 藤里町
29%
名西郡 神山町
29%
板野郡 上板町
29%
阿波市
29%
美馬市
29%
吾川郡 いの町
29%
高岡郡 佐川町
29%
高岡郡 日高村
29%
京都郡 みやこ町
29%
鞍手郡 鞍手町
29%
中間市
29%
遠賀郡 水巻町
29%
宮若市
29%
大野城市
29%
那珂川市
29%
多久市
29%
菊池市
29%
都城市
29%
由布市
29%
常呂郡 置戸町
26%
網走郡 津別町
26%
河西郡 更別村
26%
伊達郡 川俣町
26%
田村郡 小野町
26%
東白川郡 塙町
26%
富里市
26%
白井市
26%
久米郡 美咲町
26%
北秋田郡 上小阿仁村
26%
南秋田郡 五城目町
26%
長岡郡 本山町
26%
高知県 幡多郡 三原村
26%
高岡郡 津野町
26%
佐賀県 神埼郡 吉野ヶ里町
26%
西松浦郡 有田町
26%
長崎県 東彼杵郡 波佐見町
26%
宮崎県 えびの市
26%
小林市
26%
日田市
26%
沖縄県 島尻郡 南風原町
26%
遠賀郡 遠賀町
23%
糟屋郡 久山町
23%
糟屋郡 宇美町
23%
神埼市
23%
杵島郡 大町町
23%
杵島郡 江北町
23%
小城市
23%
福岡県 大川市
23%
筑後市
23%
山鹿市
23%
合志市
23%
薩摩郡 さつま町
23%
西都市
23%
河東郡 上士幌町
20%
石川郡 平田村
20%
石川郡 古殿町
20%
福岡県 築上郡 上毛町
20%
三潴郡 大木町
20%
玉名郡 南関町
20%
玉名郡 玉東町
20%
菊池郡 菊陽町
20%
上益城郡 御船町
20%
上益城郡 山都町
20%
球磨郡 五木村
20%
球磨郡 球磨村
20%
鹿児島県 伊佐市
20%
鹿児島県 曽於市
20%
大分県 豊後大野市
20%
熊本県 玉名郡 和水町
17%
上益城郡 嘉島町
17%
姶良郡 湧水町
17%
西諸県郡 高原町
17%
東諸県郡 綾町
17%
西臼杵郡 日之影町
17%
竹田市
17%
福岡県 田川郡 添田町
17%
高知県 高岡郡 梼原町
14%
田川郡 香春町
14%
田川郡 福智町
14%
上益城郡 甲佐町
14%
宮崎県 東臼杵郡 椎葉村
14%
熊本県 球磨郡 水上村
14%
球磨郡 山江村
14%
宮崎県 北諸県郡 三股町
14%
東諸県郡 国富町
14%
児湯郡 木城町
14%
玖珠郡 玖珠町
14%
No matching quizzes found
Score Distribution
Percent of People with Each Score
Percentile by Number Answered
Your Score History
You have not taken this quiz since the last reset